000 00598nam a2200205Ia 4500
005 20250923145229.0
008 008 250917s9999 xx 000 0 eng d
037 _aTextual
040 _aDSWL
_beng
_cDSWL
041 _aeng
_2eng
084 _aL9D,7:4:691, N70
_qDSWL
100 _aWeiner, I.B.
_9833145
245 0 _aPsychological disturbance in Adolescence
_cby I.B. Weiner
260 _aNew York
_b Wiley-Interscience
_c1970
300 _a272p.
365 _aUSD
_b12.5
925 _g12.5
942 _cTEXL
_hL9D,7:4:691, N70
999 _c1448728
_d1448728